00842nam a2200181 a 450000100100000000500170001000800410002704000250006808200140009324500630010726000810017030000280025159000280027995201120030795201120041995201120053199900170064300004880320201002061423.0190412s2016 dr a r 000 spa d aDO-SdBNPbspacBNPHU axxxbL769 0aLista roja de la flora vascular en República Dominicana. a[Santo Domingo] :bMinisterio de Medio Ambiente y Recursos Naturales,c2016. a763 p. :bil. ;c28 cm. aInventariado, 2019 / DG 0010718PDaGRbGRcHDd2019-04-12iLF1l0oxxx L769p48803-30r2020-06-25w2020-06-25yLFPDZNo se presta 0010718PDaPDbPDcHDd2019-04-12iLF1l0oxxx L769p48803-10r2020-06-25w2020-06-25yLFPDZNo se presta 0010718PDaPDbPDcHDd2019-04-12iLF1l0oxxx L769p48803-20r2020-06-25w2020-06-25yLFPDZNo se presta c48291d48291